Soccer Logos - UEFA - Statistics

General Stats
  • This quiz has been taken 337 times
  • The average score is 34 of 55
Answer Stats
Picture Answer % Correct
Albania
98%
Belgium
88%
Austria
87%
Croatia
86%
England
85%
France
84%
Germany
83%
Greece
83%
Italy
83%
Finland
82%
Ireland
79%
Cyprus
78%
Netherlands
78%
Norway
78%
Portugal
77%
Sweden
76%
Spain
75%
Denmark
74%
Azerbaijan
72%
Bosnia and Herzegovina
72%
Turkey
70%
Wales
70%
Hungary
69%
Slovakia
67%
Montenegro
65%
Poland
65%
Scotland
65%
Slovenia
64%
Ukraine
63%
Czech Republic
60%
Andorra
59%
Armenia
57%
Iceland
57%
Switzerland
54%
Moldova
53%
Romania
53%
Northern Ireland
52%
Serbia
52%
Israel
51%
Estonia
47%
Georgia
47%
Luxembourg
46%
Russia
46%
Belarus
44%
Kazakhstan
44%
San Marino
44%
North Macedonia
40%
Gibraltar
39%
Latvia
39%
Kosovo
38%
Faroe Islands
37%
Bulgaria
34%
Lithuania
34%
Liechtenstein
33%
Malta
31%
No matching quizzes found
Score Distribution
Percent of People with Each Score
Percentile by Number Answered
Your Score History
You have not taken this quiz